01344 2200541 4500001002100000005001500021035002000036245006500056100001500121250000600136300003600142700001700178260003300195082001000228084001600238020002200254650001600276990001700292990001700309990001700326990001700343990001700360990001700377990001700394990001700411990001700428990001700445990001700462990001700479990001700496990001700513990001700530990001700547990001700564990001700581990001700598990001700615990001700632990001700649990001700666990001700683990001700700990001700717990001700734990001700751990001700768990001700785INLIS00000000000003520180726022514 a0010-07180000351 aBumikan Perilaku Terpuji /cRusmayanti; Editor, Epik Finilih0 aRusmayanti a- aiv, 100 hlm. :bilus. ;c25 cm.0 aEpik Finilih aDepok :bCV Arya Duta,c2011 a297.5 a297.5 RUS b a978-979-094-102-1 aEtika Islam a00140/P/2018 a00141/P/2018 a00142/P/2018 a00143/P/2018 a00144/P/2018 a00140/P/2018 a00141/P/2018 a00142/P/2018 a00143/P/2018 a00144/P/2018 a00141/P/2018 a00140/P/2018 a00142/P/2018 a00143/P/2018 a00144/P/2018 a00142/P/2018 a00140/P/2018 a00141/P/2018 a00143/P/2018 a00144/P/2018 a00143/P/2018 a00140/P/2018 a00141/P/2018 a00142/P/2018 a00144/P/2018 a00144/P/2018 a00140/P/2018 a00141/P/2018 a00142/P/2018 a00143/P/2018